|
|
|
|
| LEADER |
00000nas a2200000 a 4500 |
| 001 |
ssj0000857995 |
| 003 |
WaSeSS |
| 005 |
20200512172242.0 |
| 006 |
m d |
| 007 |
cr n |
| 008 |
931006c199u9999cc br p s 0 0eng c |
| 010 |
|
|
|a sn 97034612
|
| 022 |
|
|
|l 1004-5007
|y 1004-5015
|
| 035 |
|
|
|a (WaSeSS)ssj0000857995
|
| 040 |
|
|
|a KCK
|b eng
|c KCK
|d IUL
|d WAU
|d IUL
|d CUS
|d IUL
|d OCLCQ
|d OCLCA
|d OCLCQ
|d OCLCO
|d OCLCF
|d OCL
|d OCLCO
|d SERSO
|d OCLCQ
|d WaSeSS
|
| 042 |
|
|
|a pcc
|
| 043 |
|
|
|a a-cc---
|
| 050 |
1 |
4 |
|a DS721
|b .C5744
|
| 082 |
0 |
4 |
|a 950
|2 20
|
| 130 |
0 |
|
|6 880-01
|a Zhong wai wen hua jiao liu.
|l English.
|
| 210 |
1 |
|
|a Cult. Exch.
|
| 222 |
|
0 |
|a Cultural Exchange
|
| 245 |
1 |
0 |
|6 880-02
|a China & world cultural exchange
|h [electronic resource] =
|b Zhong wai wen hua jiao liu.
|
| 246 |
3 |
1 |
|6 880-03
|a Zhong wai wen hua jiao liu
|
| 246 |
1 |
|
|i Issues for <May 15, 2000>- have English title:
|a China & the world cultural exchange
|
| 246 |
3 |
|
|a China and world cultural exchange
|
| 246 |
3 |
|
|a China and the world cultural exchange
|
| 250 |
|
|
|6 880-04
|a Ying wen pan.
|
| 260 |
|
|
|a Beijing :
|b Cultural Exchange
|
| 310 |
|
|
|a Bimonthly
|
| 506 |
|
|
|a License restrictions may limit access.
|
| 515 |
|
|
|a Issues for 1996, 1- called also zong di 21 qi-
|
| 580 |
|
|
|a Issued also in Chinese.
|
| 588 |
|
|
|a Description based on: 1996, 1; title from cover.
|
| 588 |
|
|
|a Latest issue consulted: Vol. 57, no. 1 (Jan. 15, 2002).
|
| 650 |
|
0 |
|a Cultural relations
|v Periodicals.
|
| 650 |
|
7 |
|a Civilization.
|2 fast
|0 (OCoLC)fst00862898
|
| 650 |
|
7 |
|a Cultural relations.
|2 fast
|0 (OCoLC)fst00885050
|
| 650 |
|
7 |
|a International relations.
|2 fast
|0 (OCoLC)fst00977053
|
| 651 |
|
0 |
|a China
|x Civilization
|v Periodicals.
|
| 651 |
|
0 |
|a China
|x Relations
|v Periodicals.
|
| 651 |
|
7 |
|a China.
|2 fast
|0 (OCoLC)fst01206073
|
| 655 |
|
0 |
|a Electronic journals.
|
| 775 |
1 |
|
|t Zhong wai wen hua jiao liu
|x 1004-5007
|w (DLC) 97645861
|w (OCoLC)34981227
|
| 850 |
|
|
|a InU
|
| 856 |
4 |
0 |
|z Full text available from Research Library: 11/01/2011 to 12/31/2012
|u https://search.proquest.com/publication/1316363
|
| 880 |
0 |
|
|6 130-01/$1
|a 中外文化交流.
|l English.
|
| 880 |
1 |
0 |
|6 245-02/$1
|a China & world cultural exchange =
|b 中外文化交流.
|
| 880 |
3 |
1 |
|6 246-03/$1
|a 中外文化交流
|
| 880 |
|
|
|6 250-04/$1
|a 英文版.
|